PROJECT for the integration of the development based on the sustainable use of the forest in the Western Amazon : Forest management to promote policies for sustainable production :

Bibliographic Details
Format: Book
Published: Rio Branco, Brazil : Technology Foundation of the State of Acre , 1991
Subjects:

MARC

LEADER 00000cam a2200000 7i4500
001 0000001440
005 20010627.0
090 0 0 |a 333.7509811   |b PRO 1991 
245 0 0 |a PROJECT for the integration of the development based on the sustainable use of the forest in the Western Amazon :   |b Forest management to promote policies for sustainable production :   |b Final report of phase I (PD 24/88 ITTO) and an outline of the socio-economic and environmental aspects of the management plan for phase II (PD 24/90 ITTO) 
260 0 0 |a Rio Branco, Brazil :   |b Technology Foundation of the State of Acre ,   |c 1991 
300 |a 125 p. ;   |c 29 cm. 
650 0 0 |a Forest management   |z Brazil 
650 0 0 |a Forest policy   |z Brazil 
650 0 0 |a Sustainable forestry   |z Brazil 
998 |a JPSM 
999 |a 0000002475   |b Monograph   |c Open Shelf   |e Default branch